The collected clerk Maxwell memorial lectures (Record no. 6193)

MARC details
000 -LEADER
fixed length control field 00629nam a2200169Ia 4500
003 - CONTROL NUMBER IDENTIFIER
control field IN-BaIIA
008 - FIXED-LENGTH DATA ELEMENTS--GENERAL INFORMATION
fixed length control field 211028s9999 xx 000 0 eng d
040 ## - CATALOGING SOURCE
Transcribing agency IIA Library
080 ## - UNIVERSAL DECIMAL CLASSIFICATION NUMBER
Universal Decimal Classification number 081:53
Item number MAX
100 ## - MAIN ENTRY--PERSONAL NAME
Personal name Maxwell, James Clerk
9 (RLIN) 7049
245 #4 - TITLE STATEMENT
Title The collected clerk Maxwell memorial lectures
Remainder of title being the first four lectures given in the years between 1951 and 1959
Statement of responsibility, etc. James Clerk Maxwell
260 ## - PUBLICATION, DISTRIBUTION, ETC.
Place of publication, distribution, etc. London
Name of publisher, distributor, etc. The British Institution of Radio Engineers
Date of publication, distribution, etc. 1960
300 ## - PHYSICAL DESCRIPTION
Extent vii, 64p.
650 ## - SUBJECT ADDED ENTRY--TOPICAL TERM
Topical term or geographic name entry element Collected works-James Clerk Maxwell
9 (RLIN) 10669
650 ## - SUBJECT ADDED ENTRY--TOPICAL TERM
Topical term or geographic name entry element NASA thesaurus
942 ## - ADDED ENTRY ELEMENTS (KOHA)
Koha item type Books
Holdings
Withdrawn status Lost status Damaged status Not for loan Home library Current library Shelving location Date acquired Total Checkouts Full call number Barcode Date last seen Price effective from Koha item type
        IIA Library-Bangalore IIA Library-Bangalore General Stacks 07/04/1979   081:53/ MAX 6906 05/11/2021 07/04/1979 Books

Powered by Koha